Movies Quiz

Random Movies or Christmas Quiz

Christmas Movie Posters Quiz Stats

Quiz Updated Dec 7, 2012

Also try: Christmas Movies
Challenge
Share
Tweet
Score 0/25 Timer 06:00
1 Play Today
# Movie % Correct
21Elf
98.6%
8Home Alone
96.3%
5How the Grinch Stole Christmas
91.7%
7The Polar Express
90.4%
1Die Hard
80%
10The Santa Clause 2
78%
22Bad Santa
73.7%
9A Christmas Carol
67.1%
12The Muppet Christmas Carol
61.6%
2National Lampoon's Christmas Vacation
59.9%
6Scrooged
52.8%
24Four Christmases
52.8%
20Jingle All the Way
51.4%
# Movie % Correct
13Love Actually
49.6%
14Fred Claus
47.6%
16It's a Wonderful Life
47%
3White Christmas
44.4%
19Gremlins
32.7%
11Miracle on 34th Street
31.5%
4A Christmas Story
31.3%
15Ernest Saves Christmas
26.4%
23Arthur Christmas
26.2%
18Prancer
19.9%
17Joyeux Noël
4.3%
25The Bishop's Wife
3.7%

You're not logged in!

Compare scores with friends on all Sporcle quizzes.
Join for Free
OR
Log In

You Might Also Like...

Show Comments

Extras

Top Quizzes Today


Score Distribution

Your Account Isn't Verified!

In order to create a playlist on Sporcle, you need to verify the email address you used during registration. Go to your Sporcle Settings to finish the process.

Report this User

Report this user for behavior that violates our Community Guidelines.

Details: